Dictionary for library and information science / (Record no. 15016)
[ view plain ]
| 000 -LEADER | |
|---|---|
| fixed length control field | 00716nam a22002172 4500 |
| 001 - CONTROL NUMBER | |
| control field | 0000006356 |
| 005 - DATE AND TIME OF LATEST TRANSACTION | |
| control field | 20151217161137.0 |
| 008 - FIXED-LENGTH DATA ELEMENTS--GENERAL INFORMATION | |
| fixed length control field | 071022s xx 000 0 eng d |
| 020 ## - INTERNATIONAL STANDARD BOOK NUMBER | |
| International Standard Book Number | 1563089629 : |
| Terms of availability | KES 4928 |
| 040 ## - CATALOGING SOURCE | |
| Original cataloging agency | KABU |
| Transcribing agency | KABU |
| 100 1# - MAIN ENTRY--PERSONAL NAME | |
| Personal name | Reitz, Joan M. |
| -- | 0000157823 |
| 245 10 - TITLE STATEMENT | |
| Title | Dictionary for library and information science / |
| Statement of responsibility, etc. | Joan M. Reitz. |
| 260 ## - PUBLICATION, DISTRIBUTION, ETC. (IMPRINT) | |
| Place of publication, distribution, etc. | London : |
| Name of publisher, distributor, etc. | Libraries Unlimited, |
| Date of publication, distribution, etc. | 2004. |
| 300 ## - PHYSICAL DESCRIPTION | |
| Extent | x, 788 p. |
| 650 #0 - SUBJECT ADDED ENTRY--TOPICAL TERM | |
| Topical term or geographic name as entry element | Library science |
| Form subdivision | Dictionaries. |
| -- | 0000156680 |
| 650 #0 - SUBJECT ADDED ENTRY--TOPICAL TERM | |
| Topical term or geographic name as entry element | Information science |
| General subdivision | Dictionaries. |
| -- | 0000157824 |
| 908 ## - PUT COMMAND PARAMETER (RLIN) | |
| Put command parameter | 071022 |
| 950 ## - LOCAL HOLDINGS (RLIN) | |
| -- | 1 |
| Withdrawn status | Lost status | Source of classification or shelving scheme | Not for loan | Home library | Current library | Date acquired | Total Checkouts | Full call number | Barcode | Date last seen | Price effective from | Koha item type |
|---|---|---|---|---|---|---|---|---|---|---|---|---|
| Library of Congress Classification | Not For Loan | Kabarak, Main Campus | Kabarak, Main Campus | 17/12/2015 | Z1006 .R45 | 010746 | 17/12/2015 | 17/12/2015 | Reference | |||
| Library of Congress Classification | Not For Loan | Kabarak, Main Campus | Kabarak, Main Campus | 17/12/2015 | Z1006 .R45 | 003269 | 17/12/2015 | 17/12/2015 | Reference |